| 000 | 00774nam a2200301Ia 4500 | ||
|---|---|---|---|
| 008 | 160803s9999 xx 000 0 und d | ||
| 020 | _a9780545258371 | ||
| 100 | _aCorse, Nicole | ||
| 245 | _aPet heroes / | ||
| 245 | _cNicole Corse ; designed by Marissa Asuncion. | ||
| 260 | _aNew York : | ||
| 260 | _bScholastic Inc. | ||
| 260 | _c2010 | ||
| 300 | _a32 pages : | ||
| 300 | _bcolor illustrations ; | ||
| 300 | _c23 cm. | ||
| 440 | _aScholastic reader., | ||
| 440 | _vLevel 3. | ||
| 650 | _aAnimal heroes -- | ||
| 650 | _aDogs -- | ||
| 650 | _aHorses -- | ||
| 650 | _aRabbits -- | ||
| 650 | _xJuvenile literature. | ||
| 650 | _xJuvenile literature. | ||
| 650 | _xJuvenile literature. | ||
| 650 | _xJuvenile literature. | ||
| 700 | _a870 | ||
| 999 |
_c299710 _d299710 |
||